000 00608nam a2200217Ia 4500
005 20221014133547.0
008 131103s9999 xx 000 0 und d
040 _aLoreto College
041 _aEnglish
082 _a153.8
_bMUR
100 _aMurray, Edward J.
245 _aMotivation and emotion
_cEdward J. Murray
260 _aNew Jersy
_bPrentice-Hall
_c1964c
300 _aix,118p
440 _aFoundation of modern psychology series
504 _aIncludes bibliographical references and index
650 _aMotivation(Psychology)
651 _aPsychology
850 _aLCLIB
942 _cBK
999 _c19543
_d70022